[Event "Texas-ch"]
[Site "Dallas"]
[Date "2002.05.25"]
[Round "3.5"]
[White "Sarkisian, Drew J"]
[Black "Turin, Joshua"]
[Result "1-0"]
[WhiteElo "2178"]
[BlackElo "2023"]
[PlyCount "79"]
[EventDate "2002.05.24"]
[EventType "swiss"]
[EventRounds "7"]
[EventCountry "USA"]
[SourceTitle "EXT 2003"]
[Source "ChessBase"]
[SourceDate "2002.11.25"]
[SourceVersion "1"]
[SourceVersionDate "2002.11.25"]
[SourceQuality "1"]

1. d4 Nf6 2. Nf3 g6 3. c4 c5 4. d5 e6 5. Nc3 exd5 6. cxd5 Bg7 7. g3 0-0 8. Bg2 Re8 9. 0-0 d6 10. Nd2 Na6 11. Nc4 Nc7 12. a4 Ng4 13. h3 Ne5 14. Nd2 f5 15. f4 Nf7 16. Nc4 Rb8 17. Kh2 b6 18. Re1 a6 19. e4 b5 20. axb5 axb5 21. Na5 Bd7 22. Nc6 Bxc6 23. dxc6 fxe4 24. Nxe4 Bd4 25. Rb1 b4 26. Nd2 Rxe1 27. Qxe1 Qe8 28. Qf1 d5 29. Nb3 Qxc6 30. Nxd4 cxd4 31. f5 g5 32. Qd1 Re8 33. Bd2 Qf6 34. Qg4 Ne5 35. Qxg5+ Qxg5 36. Bxg5 d3 37. g4 Nc4 38. Bf4 d2 39. Rd1 Re2 40. Kg3 1-0